000 01725cam a22001694a 4500
005 20250605163454.0
008 250528s ||||||||||||||||||||||||d
035 _a19964
040 _aGR-AtMCL
_bgre
_dGR-AtMCL
_eAACR2
245 1 _aΕνημερωτικό Δελτίο / Για την Αύξηση του Μετοχικού Κεφαλαίου
260 _bΕθνική Τράπεζα Της Ελλάδος,
_c1999
300 _a216
520 _a26 Απριλίου - 28 Μαίου 1999. Συνοπτικά Στοιχεία Έκδοσης, Συνοπτικά Οικονομικά Στοιχεία της Τράπεζας και του Ομίλου, Πληροφορίες για τη Σύνταξη του Ενημερωτικού Δελτίου και τους Ελεγκτές της Τράπεζας, Αύξηση του Μετοχικού Κεφαλαίου και Διδικασία Διάθεσης των Νέων Μετοχών, Δικαιώματα Μετοχών, Πληροφορίες για την Τράπεζα, Ο Τραπεζικός Κλάδος στην Ελλάδα, Απολογιστικά Στοιχεία Δραστηριότητας της Τράπεζας Χρήσεων 1994-1998, Απολογιστικά Στοιχεία Δραστηριότητας του Ομίλου Χρήσεων 1994-1998, Ομολογιακά Δάνεια της Τράπεζας, Αναπτυξιακοί Στόχοι - Προοπτικές της Τράπεζας, Χρηματιστηριακή Πορεία - Χαρακτηριστικά Μετοχής, Μερισματική Πολιτική, Τιμή Διάθεσης των Νέων Μετοχών.
942 _cBK
999 _c5198
_d5198